Normal view MARC view

Entry Corporate Name

Number of records used in: 1

001 - CONTROL NUMBER

  • control field: 15725

003 - CONTROL NUMBER IDENTIFIER

  • control field: OSt

005 - DATE AND TIME OF LATEST TRANSACTION

  • control field: 20260425153939.0

008 - FIXED-LENGTH DATA ELEMENTS

  • fixed length control field: 260425|| aca||aabn | a|a d

040 ## - CATALOGING SOURCE

  • Original cataloging agency: OSt
  • Transcribing agency: OSt

110 ## - HEADING--CORPORATE NAME

  • Corporate name or jurisdiction name as entry element: New York.
  • Title of a work: Art of this century

670 ## - SOURCE DATA FOUND

  • Source citation: Work cat.: (OSt)5821: Guggenheim, Peggy, 1898-1979. 15723, Art of this century;, [1942]